| 000 | 00787nam a22002057a 4500 | ||
|---|---|---|---|
| 008 | 090128t xxu||||| |||| 00| 0 eng d | ||
| 010 | _aENG-92659 | ||
| 020 |
_a9788125035237 _c70.00 |
||
| 020 |
_a8125035230 _c70.00 |
||
| 035 | _aEN-76192 | ||
| 037 | _bDBAD / PUB | ||
| 040 |
_adpl _bEnglish |
||
| 082 | _a880.8 | ||
| 245 |
_aThe joy of reading literature: _cby Board of Editors _ban anthology for degree classes / |
||
| 260 |
_aMumbai _bOrient Longman _c2008 |
||
| 270 |
_aKamani Marg, Ballard Estate, _bMumbai _e400001 |
||
| 300 |
_a120p. _c22cm (pbk) |
||
| 942 |
_2ddc _cEN _mJOY _h880.8 |
||
| 999 |
_c22527 _d22527 |
||